Catálogo
 En Linea

Poesía / (Registro nro. 1475)

Detalles MARC
000 -CABECERA
campo de control de longitud fija 00891nam a2200229Ka 4500
001 - NÚMERO DE CONTROL
campo de control 000001579
005 - FECHA Y HORA DE LA ÚLTIMA TRANSACCIÓN
campo de control 20200929145627.0
008 - DATOS DE LONGITUD FIJA--INFORMACIÓN GENERAL
campo de control de longitud fija 090623s2006 ve 000 0 spa d
040 ## - FUENTE DE LA CATALOGACIÓN
Centro catalogador/agencia de origen DO-SdBNP
Lengua de catalogación spa
Centro/agencia transcriptor BNPHU
090 ## - LOCALMENTE ASIGNADO TIPO-LC NÚMERO DE CLASIFICACIÓN (OCLC); NÚMERO DE CLASIFICACIÓN LOCAL (RLIN)
Número de clasificación (OCLC) (R) ; Numero de clasificación, CALL (RLIN) (NR) VE 861.44
Número cutter local (OCLC) ; Número de libro/Signatura topográfica íntegra, CALL (RLIN) B641p
100 1# - ENTRADA PRINCIPAL--NOMBRE DE PERSONA
Nombre de persona Blanco, Andrés Eloy,
Fechas asociadas al nombre 1896-1981.
9 (RLIN) 5168
245 10 - MENCIÓN DE TÍTULO
Título Poesía /
Mención de responsabilidad, etc. Andrés Eloy Blanco ; compilación y prólogo Domingo Miliani ; cronología y bibliografía Rafael Ángel Rivas Dugarte.
260 ## - PUBLICACIÓN, DISTRIBUCIÓN, ETC.
Lugar de publicación, distribución, etc. Caracas :
Nombre del editor, distribuidor, etc. Biblioteca Ayacucho,
Fecha de publicación, distribución, etc. 2006.
300 ## - DESCRIPCIÓN FÍSICA
Extensión lxxlx, 354 p. ;
Dimensiones 24 cm.
490 1# - MENCIÓN DE SERIE
Mención de serie Clásica ;
Designación de volumen o secuencia 214
500 ## - NOTA GENERAL
Nota general Incluye referencias bibliográficas: p. 309-318
504 ## - NOTA DE BIBLIOGRAFÍA, ETC.
Nota de bibliografía, etc. Incluye referencias bibliográficas y notas al pie de las páginas
650 #4 - PUNTO DE ACCESO ADICIONAL DE MATERIA--TÉRMINO DE MATERIA
Término de materia o nombre geográfico como elemento de entrada Poesía venezolana
9 (RLIN) 4230
700 1# - PUNTO DE ACCESO ADICIONAL--NOMBRE DE PERSONA
Nombre de persona Miliani, Domingo,
Término indicativo de función/relación comp. y pról.
9 (RLIN) 5169
700 1# - PUNTO DE ACCESO ADICIONAL--NOMBRE DE PERSONA
Nombre de persona Rivas Dugarte, Rafael Ángel
9 (RLIN) 5170
830 #0 - PUNTO DE ACCESO ADICIONAL DE SERIE-TÍTULO UNIFORME
Título uniforme Clásica ;
Número de parte o sección de la obra 214
9 (RLIN) 5171
Existencias
Estado de retiro Estado de pérdida Restricciones de uso No para préstamo Código de colección Localización permanente Ubicación/localización actual Ubicación en estantería Fecha de adquisición Número de inventario Total de préstamos Signatura topográfica completa Código de barras Fecha visto por última vez Precio válido a partir de Tipo de ítem Koha
    Préstamo interno   Monografías: Libros y Folletos General General Depósito 22.09.2009 LF1   1579-10 25.06.2020 25.06.2020 Préstamo interno

Con tecnología Koha